000 00914cad a22002295a 4500
001 E148731
008 091028s2009 xxkd f 000 0 eng d
035 _a(Sirsi) u148731
041 0 _aeng
050 0 4 _a333.33 $2 18
110 2 _aJones Lang LaSalle
_93755
245 0 0 _aFindling fair value
_h[electronic resource]
260 _aLondon
_bJLL
_c2009
490 0 _aOn Point
_vAutumn 2009
520 _aDiscusses historical patterns of real capital value performance in European prime office markets. Looks at the position of various markets in relation to cycles and long term trends, in order to assist those making market entry timing decisions.
521 _aAdvanced
590 _aKA
651 4 _aEurope
690 _aPROPERTY-COMMERCIAL PROPERTY-COMMERCIAL PROPERTY MARKET
856 4 0 _uhttps://www.joneslanglasalle.eu
_zView the research free of charge at www.joneslanglasalle.eu...
942 _n0
999 _c110191
_d110191